[Event "AUTO-INT-3038"]
[Site "http://www.queenalice.com/game.php?id=1404287"]
[Date "2016.1.15"]
[Round "3"]
[White "allgambits"]
[Black "andydede"]
[Result "0-1"]
[WhiteElo "1920"]
[BlackElo "1918"]

1. d4 c6 2. Nc3 d5 3. Nf3 Bf5 4. Bf4 h6 5. e3 e6 6. Bd3 Ne7 7. Qd2 Bxd3 8. Qxd3
Nd7 9. h3 Ng6 10. Bh2 Be7 11. Ne2 c5 12. O-O-O c4 13. Qc3 O-O 14. g4 Nf6 15. Ng3
Qb6 16. g5 Bb4 0-1

[Event "AUTO-INT-3038"]
[Site "http://www.queenalice.com/game.php?id=1404288"]
[Date "2016.1.15"]
[Round "3"]
[White "andydede"]
[Black "allgambits"]
[Result "1-0"]
[WhiteElo "1900"]
[BlackElo "1938"]

1. e4 e5 2. Nf3 Nc6 3. Bc4 h6 4. d3 Nf6 5. a3 Bc5 6. O-O d6 7. h3 Qe7 8. b4 Bb6
9. Nc3 Bd7 10. Bd2 g5 11. Bd5 g4 12. hxg4 Nxg4 13. Na4 h5 14. b5 Nd4 15. Nxb6
Nxf3+ 16. Qxf3 axb6 17. Bxb7 1-0

[Event "AUTO-ADV-3488"]
[Site "http://www.queenalice.com/game.php?id=1406790"]
[Date "2016.1.30"]
[Round "2"]
[White "avian"]
[Black "allgambits"]
[Result "0-1"]
[WhiteElo "1774"]
[BlackElo "1926"]

1. d4 d5 2. c4 e6 3. Nc3 Bb4 4. Nf3 Nf6 5. Bg5 Nc6 6. e3 h6 7. Bh4 Qe7 8. Bd3
Bd7 9. O-O Bxc3 10. bxc3 g5 11. Bg3 O-O-O 12. Rb1 Qa3 13. Qb3 Qxb3 14. axb3 Rdg8
15. b4 h5 16. h3 g4 17. Nh4 gxh3 18. Kh2 hxg2 19. Kxg2 Ne7 20. f4 Ng4 21. Rbe1
Kb8 22. Kh3 e5 23. fxe5 Nxe3+ 24. Nf5 N7xf5 25. Bxf5 Nxf5 26. Bf4 Ne3+ 27. Kh4
Rg4+ 28. Kh3 Rxf4+ 0-1

[Event "AUTO-ADV-3488"]
[Site "http://www.queenalice.com/game.php?id=1406791"]
[Date "2016.1.30"]
[Round "2"]
[White "allgambits"]
[Black "avian"]
[Result "1/2-1/2"]
[WhiteElo "1917"]
[BlackElo "1818"]

1. d4 Nf6 2. Nf3 e6 3. Nc3 d5 4. Bg5 Bb4 5. e3 Nbd7 6. a3 Bxc3+ 7. bxc3 O-O 8.
Bd3 c5 9. O-O c4 10. Be2 b6 11. Ne5 h6 12. Nxd7 Bxd7 13. Bh4 Ba4 14. Bh5 Rb8 15.
Rc1 Be8 16. Qf3 g5 17. Bg3 Rb7 18. Be5 Nxh5 19. Qxh5 f6 20. Qxh6 Rh7 21. Bxf6
Rxf6 22. Qxg5+ Rg7 23. Qh4 Bg6 24. f3 Rf8 25. Qxd8 Rxd8 26. f4 Bf5 27. Rf2 Kf7
28. g3 Ke7 29. Rb1 Be4 30. a4 Rb8 31. Rb5 Kd7 32. a5 Kc6 33. Rb2 b5 34. Kf1 a6
35. Rb4 Rh8 36. Kg1 Rhg8 37. Rb1 Rb7 38. Kf1 1/2-1/2

[Event "AUTO-ADV-3595"]
[Site "http://www.queenalice.com/game.php?id=1410456"]
[Date "2016.2.22"]
[Round "1"]
[White "allgambits"]
[Black "RJOliveira"]
[Result "0-1"]
[WhiteElo "1902"]
[BlackElo "1792"]

1. d4 d5 2. c4 c5 3. e3 cxd4 4. Qxd4 Nc6 5. Qxd5 e6 6. Qb5 a6 7. Qb3 Nf6 8. Nf3
Be7 9. Nc3 O-O 10. Bd2 Na5 11. Qc2 Nxc4 0-1

[Event "AUTO-ADV-3595"]
[Site "http://www.queenalice.com/game.php?id=1410471"]
[Date "2016.2.22"]
[Round "1"]
[White "BobbySponja"]
[Black "allgambits"]
[Result "1/2-1/2"]
[WhiteElo "1817"]
[BlackElo "1946"]

1. e4 e5 2. Nf3 Nc6 3. Bb5 d6 4. O-O Bg4 5. Nc3 Ne7 6. Bc4 Qd7 7. Nd5 Nxd5 8.
Bxd5 O-O-O 9. d3 Nd4 10. c3 Bxf3 11. gxf3 Ne6 12. Qb3 c6 13. Bc4 Nc5 14. Qc2 f5
15. b4 Ne6 16. a4 fxe4 17. fxe4 h6 18. Bb2 Ng5 19. Qe2 Qh3 20. f4 exf4 21. Rxf4
Be7 22. Raf1 Rhf8 23. Rxf8 Rxf8 24. Rxf8+ Bxf8 25. b5 Nf3+ 26. Kh1 Qg4 27. Be6+
Qxe6 28. Qxf3 Be7 29. c4 Bf6 30. Bxf6 Qxf6 31. Qxf6 gxf6 32. Kg2 c5 33. Kf3 Kd7
34. Kf4 Ke6 35. a5 b6 36. a6 h5 37. h4 Ke7 1/2-1/2

[Event "AUTO-ADV-3595"]
[Site "http://www.queenalice.com/game.php?id=1410472"]
[Date "2016.2.22"]
[Round "1"]
[White "allgambits"]
[Black "BobbySponja"]
[Result "0-1"]
[WhiteElo "1969"]
[BlackElo "1794"]

1. d4 d5 2. c4 Bf5 3. e3 e6 4. Nc3 Nf6 5. Nf3 Bb4 6. Qa4+ Nc6 7. Ne5 Bxc3+ 8.
bxc3 O-O 9. Nxc6 bxc6 10. Qxc6 dxc4 11. Bxc4 Ne4 12. Bd3 Nxf2 13. Kxf2 Bxd3 14.
Ba3 Re8 15. Rhd1 Bg6 16. Kg1 f5 17. Rd2 Bf7 18. Rb2 e5 19. Rb7 Bd5 20. Qxc7 Bxb7
21. Qxb7 exd4 22. cxd4 Rxe3 23. Bc5 Qe8 24. Qb4 a5 25. Qd2 Re2 26. Qc3 Qe4 27.
Qf3 Qxf3 28. gxf3 a4 29. d5 Rc8 30. Rc1 Rxa2 31. d6 Rd2 0-1

[Event "AUTO-MASTER-2432"]
[Site "http://www.queenalice.com/game.php?id=1410567"]
[Date "2016.2.22"]
[Round "1"]
[White "tariann"]
[Black "allgambits"]
[Result "1-0"]
[WhiteElo "2249"]
[BlackElo "1947"]

1. e4 e5 2. Nf3 Nc6 3. Bb5 d6 4. O-O Bg4 5. c3 Qf6 6. Bxc6+ bxc6 7. d4 Bxf3 8.
Qxf3 Qxf3 9. gxf3 f6 10. dxe5 dxe5 11. f4 Bc5 12. fxe5 fxe5 13. Bg5 h6 14. Bh4
g5 15. Bg3 Bd6 16. Nd2 h5 17. Nc4 Kd8 18. Bxe5 Bxe5 19. Nxe5 1-0

[Event "AUTO-MASTER-2432"]
[Site "http://www.queenalice.com/game.php?id=1410568"]
[Date "2016.2.22"]
[Round "1"]
[White "allgambits"]
[Black "tariann"]
[Result "0-1"]
[WhiteElo "1905"]
[BlackElo "2234"]

1. d4 d5 2. c4 e5 3. e3 dxc4 4. Bxc4 exd4 5. Qxd4 Qxd4 6. exd4 Nc6 7. Be3 Nf6 8.
Nf3 Bb4+ 9. Nc3 Ne4 10. Bd2 Nxd2 11. Kxd2 O-O 12. Rad1 Bg4 13. Kc1 Bxf3 14. gxf3
Rfe8 0-1

[Event "AUTO-MASTER-2432"]
[Site "http://www.queenalice.com/game.php?id=1410579"]
[Date "2016.2.22"]
[Round "1"]
[White "Gera"]
[Black "allgambits"]
[Result "1-0"]
[WhiteElo "2063"]
[BlackElo "1928"]

1. c4 e5 2. e3 Nf6 3. Qc2 Bc5 4. a3 Nc6 5. Nc3 O-O 6. Nf3 a6 7. Be2 d6 8. b4 Ba7
9. Bb2 Be6 10. Rd1 Qd7 11. O-O Bf5 12. d3 Qe6 13. Qb3 Bg4 14. Rfe1 Bxf3 15. Bxf3
Rab8 16. Nd5 Rfc8 17. d4 exd4 18. exd4 Qf5 19. b5 axb5 20. Nxf6+ gxf6 21. cxb5
Na5 22. Qc3 Qxb5 23. d5 Nc4 24. Ba1 Ne5 25. Be4 Qc5 26. Qg3+ Ng6 27. Bd4 Qa5 28.
Bxf6 Re8 29. Qh3 Bxf2+ 30. Kxf2 Qc5+ 31. Bd4 1-0

[Event "AUTO-MASTER-2432"]
[Site "http://www.queenalice.com/game.php?id=1410580"]
[Date "2016.2.22"]
[Round "1"]
[White "allgambits"]
[Black "Gera"]
[Result "0-1"]
[WhiteElo "1913"]
[BlackElo "2113"]

1. d4 d5 2. c4 c6 3. e3 e6 4. Nf3 Nf6 5. Nc3 Nbd7 6. Qb3 Bd6 7. Bd2 O-O 8. cxd5
cxd5 9. Bd3 b6 10. h3 Bb7 11. Qc2 Rc8 12. g4 e5 13. dxe5 Bxe5 14. g5 Ne4 15. h4
f5 16. gxf6 Bxf6 17. Bxe4 dxe4 18. Qb3+ Kh8 19. Ng5 Bxg5 20. hxg5 Nc5 21. Qc2
Nd3+ 22. Ke2 Ba6 0-1

[Event "AUTO-MASTER-2432"]
[Site "http://www.queenalice.com/game.php?id=1410585"]
[Date "2016.2.22"]
[Round "1"]
[White "clovis"]
[Black "allgambits"]
[Result "1-0"]
[WhiteElo "2020"]
[BlackElo "1941"]

1. e4 e5 2. Bc4 Nf6 3. Nc3 Nc6 4. Nf3 h6 5. d3 Bc5 6. Be3 Qe7 7. Qd2 Bb4 8.
O-O-O d6 9. a3 Ba5 10. h3 a6 11. b4 Bb6 12. g4 Bxe3 13. fxe3 b5 14. Bb3 Be6 15.
g5 hxg5 16. Nxg5 Bxb3 17. cxb3 Qd7 18. Rdf1 O-O-O 19. Nd5 Nxd5 20. exd5 Ne7 21.
Nxf7 Rxh3 22. Nxd8 Rxh1 23. Rxh1 Qxd8 24. Rg1 Qg8 25. Qg2 Nf5 26. Qg4 1-0

[Event "AUTO-MASTER-2432"]
[Site "http://www.queenalice.com/game.php?id=1410586"]
[Date "2016.2.22"]
[Round "1"]
[White "allgambits"]
[Black "clovis"]
[Result "1-0"]
[WhiteElo "1943"]
[BlackElo "1960"]

1. d4 d5 2. c4 c6 3. e3 e6 4. Nf3 Nf6 5. Nc3 Nbd7 6. Bd2 Be7 7. Qc2 O-O 8. cxd5
exd5 9. Bd3 Re8 10. h3 Bb4 11. g4 Bxc3 12. Qxc3 Ne4 13. Qc2 Ndf6 14. Bb4 Bxg4
15. hxg4 Nxg4 16. Bxe4 Rxe4 17. Nd2 Nxf2 18. Kxf2 Rxe3 19. Kxe3 Qg5+ 20. Kd3 a5
21. Bc5 b5 22. Nf3 Qf5+ 23. Kd2 Qxf3 24. Qxh7# 1-0